000 00669nam a2200253Ia 4500
003 OSt
005 20220925223051.0
006 a|||||r|||| 00| 0
007 ta
008 220923b |||||||| |||| 00| 0 eng d
020 _a0415115124
037 _cGeneral Book
040 _aRTL
_cRTL
_beng
041 _2eng
_aeng
082 _aY73.3.N9, N6
100 _aOkley Judith
_9288893
245 0 _aOwn or Other Culture
260 _aLondon
_bRoutledge
_c1996
300 _ax, 244p
_ccm.
500 _aBibliography chapterwise
650 _aEthnology
_935130
942 _hY73.3.N9, N6
_cGB
_2CC
999 _c578553
_d578553